Gatunki zagrożone w Polsce (Zdjęcie) - Statystyki

Ogólne statystyki
  • Ten quiz został rozwiązany 8 razy
  • Średni wynik to 6 z 24
Statystyki odpowiedzi
Obrazkowy Odpowiedź % Poprawnych
Kozica
83%
Morświn
67%
Kraska
50%
Sokół wędrowny
50%
Rybitwa popielata
33%
Wąż Eskulapa
33%
Bekasik
17%
Dzierzba czarnoczelna
17%
Dzierzba rudogłowa
17%
Gadożer
17%
Głuszec zwyczajny
17%
Iglicznia
17%
Kulon
17%
Łęczak
17%
Łosoś
17%
Mornel
17%
Orlik grubodzioby
17%
Orlik grubodzioby
17%
Pomurnik
17%
Rybitwa czubata
17%
Świstun
17%
Żołędnica
17%
Głowacica
0%
Nagórnik zwyczajny
0%
Nie znaleziono quizów pasujących do podanych kryteriów
Rozkład punktacji
Procent ludzi z każdym wynikiem
Percentyl według liczby udzielonych odpowiedzi
Twoja historia wyników
Nie rozwiązałeś tego quizu